Statistics for Bravo's 100 Scariest Movie Moments

Click here to take the quiz!

General Stats

  • This quiz has been taken 114 times
  • The average score is 44 of 100

Answer Stats

SceneFilm% Correct
An extraterrestrial creature bursts out of a man's chest.Alien
100%
A woman is eaten by an unseen shark.Jaws
100%
A woman is violently stabbed to death in the shower (and a man gets thrown down the stairs by the same killer).Psycho
99%
"All work and no play makes Jack a dull boy..."The Shining
95%
A little girl's head spins around on her shoulders.The Exorcist
93%
A cannibalistic killer makes a cunning (and quite gruesome) escape from his prison.The Silence of the Lambs
91%
A girl is dragged onto the ceiling and slashed to death by an invisible entity.A Nightmare on Elm Street
88%
A killer messes with his victim by sharing horror movie trivia over a phone.Scream
85%
A babysitter rests after killing her pursuer...only for him to rise up in the background.Halloween
84%
A girl is grabbed by a bloody hand as she places flowers on her friend's grave.Carrie
80%
A black-haired girl crawls out of a television screen.The Ring
78%
A woman is dragged into a lake by a zombie boy.Friday the 13th
76%
A man's legs are broken by his disturbed captor.Misery
76%
A mother threatens to throw a doll into the fireplace, prompting said doll to come to life and attack her.Child's Play
72%
A creepy clown doll attacks a young boy on his own bed.Poltergeist
69%
An evil nanny pushes a woman out of a hospital window.The Omen
69%
A foreign visits a castle's sole tenant, who walks through spider webs without disturbing them.Dracula (1931)
68%
A man is unmasked by his captive as he plays the pipe organ, revealing a horribly disfigured face.The Phantom of the Opera (1925)
68%
A man transforms into a wolf-like monster, with life-like practical effects emphasizing the pain and agony the transformer goes through.An American Werewolf in London
66%
A group of men have their blood tested to figure out who is the alien imposter.The Thing (1982)
66%
A mother and son are attacked by a rabies-afflicted dog as they hide in a car.Cujo
65%
A woman hides in a phone booth as carnivorous seagulls unleash carnage on the people outside.The Birds
65%
A man bashes in his unsuspecting victim's head with a hammer.The Texas Chainsaw Massacre
65%
A zombie gets the top of his head cut off by a helicopter blade.Dawn of the Dead (1978)
64%
A woman has a dream in which she is sexually assaulted by a demonic entity.Rosemary's Baby
64%
A man is seen standing in a corner, then a woman screams before the camera falls on the ground to silence.The Blair Witch Project
64%
Children are stuck in a kitchen with vicious raptors hunting for them.Jurassic Park
62%
A man is led to the eponymous figure, where he is left to burn inside its hollow structure. (Unfortunately, there are no bees to accompany him.)The Wicker Man (1973)
62%
It's all fun and games...until the flying monkeys attack.The Wizard of Oz
61%
A murderous phantom opens his coat to reveal a swarm of angry bees.Candyman
59%
A benevolent monster accidentally kills a little girl by throwing her into a pond.Frankenstein (1931)
59%
A mother is stabbed to death by her zombified daughter.Night of the Living Dead
59%
A boy with connections to the undead has an unsavory meeting with a sickly spirit.The Sixth Sense
59%
A monstrous-looking vampire with grotesque fingers rises from his coffin.Nosferatu
58%
A woman is assaulted by an evil tree in more ways than one.The Evil Dead (1981)
58%
An old man is murdered by an evil little boy, who was resurrected by his despairing father.Pet Sematary
55%
Police investigators find a criminal strapped to a bed and barely kept alive.Se7en
54%
Vicious rednecks capture city folk and force them to partake in intercourse.Deliverance
51%
A band of sideshow performers exact revenge on two conspirators in a violent storm.Freaks
51%
A woman opens a mysterious box, and four humanoid demons appear before her.Hellraiser
51%
A woman and a young girl are locked in a room with two extraterrestrial beings that can implant eggs into their bodies.Aliens
49%
The protagonists see a giant ant for the first time, and it carries a human rib cage in its jaws.Them!
46%
A serial rapist comes after a lawyer's daughter.Cape Fear (1962)
45%
A nightmare occurs in which a woman gives birth to a horrible maggot baby.The Fly (1986)
43%
A psychiatrist kisses his former girlfriend...and he realizes she's an alien imposter.Invasion of the Body Snatchers (1956)
42%
Mysterious lanky aliens appear on a television screen for the first time.Signs
42%
A man turns into a wolf-like entity. The film puts particular attention on the sprouting of the fur and other subtler effects to convey the transformation.The Wolf Man (1941)
42%
A whimsical candy maker leads people into a tunnel of their worst nightmares...and no one ever speaks of it again.Willy Wonka and the Chocolate Factory
42%
"The calls are coming from inside the house!"When a Stranger Calls
41%
A man just meets two new survivors...and an infected victim bursts in and attacks.28 Days Later
39%
A woman tortures a man with needles. ("Kiri kiri kiri kiri...")Audition
39%
The legless skeleton of a relentless robot attempts to chase after an incapacitated woman through a grating.The Terminator
39%
An unseen truck driver attempts to force another driver onto occupied railroad tracks.Duel
38%
"Is it safe?"Marathon Man
38%
Two cannibals raid a camper, kill some of the residents, and steal away a baby.The Hills Have Eyes (1977)
36%
A woman is cornered and stabbed by criminals, to which her friend subsequently pulls out her insides.The Last House on the Left (1972)
36%
A crazed woman, seemingly dead, bursts out of the bathtub.Fatal Attraction
35%
A woman meets a criminal as she's inspecting a colony...the latter having turned into a werewolf.The Howling
35%
A professor builds a mental wall to cover up his plan to suicide bomb the murderous children, and said children try to tear the wall down.Village of the Damned (1960)
35%
A heartless businessman is found dead, with thousands of cockroaches eating his body inside out.Creepshow
34%
A woman is stabbed in the heart, falls through a stained glass window, and is hanged on a cord while her friend below is impaled by the falling glass.Suspiria
34%
A criminal, posing as a righteous reverend, terrorizes two children regarding hidden heist money.The Night of the Hunter
32%
A woman finds her daughter apparently possessed by the eponymous "spirits".The Others
31%
A gas-huffing lunatic forces intimacy on another woman. ("Mommy! Baby wants to ****!")Blue Velvet
28%
A man corners what he assumes to be his dead daughter, only to find that it is a murderous dwarf.Don't Look Now
28%
The door bulges inward, indicating an angry spirit's want to get in.The Haunting (1963)
28%
A woman is suffocated with plastic wrap and propped up on a window.Black Christmas (1974)
27%
A man wakes up in a cemetery, with a tall man standing over him.Phantasm
26%
A severed head...gives head.Re-Animator
26%
A relentless killer tears a woman in half with two trucks.The Hitcher
26%
A woman is looking for a secret passage, only to find a freakish person standing right behind her.House on Haunted Hill (1959)
24%
A criminal comes out of the darkness and grabs a blind woman.Wait Until Dark
24%
A woman is pulled towards a splinter, which eventually goes through her eye.Zombi
24%
A witch is burned at the stake and has a spiked mask hammered into her face in the opening scene.Black Sunday
23%
A woman is walking to the bus stop, and notices mysterious footsteps matching her every movement. As she attempts to run from the pursuing entity, the bus pulls up and startles her.Cat People
23%
A woman fights a notorious masked killer, breaking his sculpted mask and revealing his charred face.House of Wax (1953)
23%
A woman sees the corpse of her supposedly murdered husband rise from a bathtub.Les Diaboliques
23%
A man is drugged and has found himself being buried alive. (Note: This is not a Poe-based story, despite the author's known fascination with the concept.)The Vanishing
23%
A crowd watches as a victim transforms into a nightmarish demon.Demons
22%
A man is dancing with his girlfriend when he sees her getting assaulted by a reptilian tail sprouting from between her legs.Jacob's Ladder
22%
A twisted filmmaker terrorizes the protagonist's blind mother.Peeping Tom
22%
A Hungarian psychiatrist flays a mad cult leader's skin while he's still alive.The Black Cat (1934)
22%
A man stumbles through a village shouting, "Don't bury me! I'm not dead!"The Serpent and the Rainbow
22%
A man finds a tooth in the wall.The Tenant
22%
Three people have to dismember and bury their dead roommate.Shallow Grave
20%
A woman licks the blood off of her new baby.The Brood
20%
A monstrous baby is born with fangs and claws in the opening scene.It's Alive
18%
A deputy commits suicide with scissors.The Dead Zone
18%
A violent caretaker looks around the basement, and feels the presence of a dead boy.The Devil's Backbone
18%
A psychotic vampire terrorizes a bartender.Near Dark
16%
A man tosses his dead daughter's ball into the river...then comes home to find the same ball bouncing down the stairwell.The Changeling
16%
A woman stabs a detective in the hand.Blood Simple
15%
A woman is taken to a salon to get her hair done, then sees her friend dressed the same way with the same hairstyle on the stairwell.Single White Female
15%
A possessed girl gets her head blown up.The Beyond
14%
A woman walks into her paternal caretaker of a separate marriage have a breakdown.The Stepfather (1987)
14%
A girl looks for her sister in an abandoned warehouse, only for the latter to jump out at her wearing a translucent mask.Alice, Sweet Alice
12%
A woman comes home to find their unscrupulous tenant waiting for them.Pacific Heights
12%
A man comes home to find a clown doll positioned in the same way his father was found dead.The Game
12%
A woman follows an elusive intruder, only to find that it's her dead father.The Sentinel
12%
In the opening, a model is attacked by a masked assailant who attacks out of complete darkness.Blood and Black Lace
9%

Score Distribution

Percentile by Number Answered

Percent of People with Each Score

Your Score History

You have not taken this quiz